000 00294 a2200157 4500
001 180209
020 _a
040 _cMagnum
100 _aFrança, Mary
240 1 0 _aA ema
_lpor
245 1 0 _aA ema
362 0 _a1899
440 1 _aÁtica
697 _aMAGNITO: I/ANIMAIS
942 _cBK
999 _c180209
_d180209